000 00650nam a2200205Ia 4500
003 GCL
008 140319s9999 xx 000 0 ara d
040 _aGCL /
_cGCL
082 0 4 _a791.437
_bس و
100 1 _aسمير فريد
245 1 0 _aالواقعية الجديدة فى السينما المصرية /
_cسمير فريد
260 _a[S.N] :
_bالهيئة المصرية العامة للكتاب ،
_c1992
300 _a247 ص
490 _aالنقد السينمائى
_v0
650 0 4 _aمصر
650 0 4 _aالافلام السينمائية
650 0 4 _aالسينما
650 0 4 _aتاريخ ونقد
942 _2ddc
_cBK
999 _c35654
_d35654